| 000 | 00503nam a22001695i 4500 | ||
|---|---|---|---|
| 999 |
_c116740 _d116740 |
||
| 001 | 20387240 | ||
| 005 | 20200125110021.0 | ||
| 008 | 180305s2019 nju 000 0 eng | ||
| 020 | _a978069119555178 (hardcover : alk. paper) | ||
| 040 | _cPK-LaUMT | ||
| 082 |
_a320.955 _bAMI-I |
||
| 100 | 1 | _aAmin Saikal | |
| 245 | 1 | 0 |
_aIran rising : _bthe survival and future of the Islamic republic / _cby Amin Saikal |
| 260 |
_aPrinceton : _bPrinceton University Press, _c2019 |
||
| 300 | _a326 p. | ||
| 942 | _cBK | ||